Esperpentos

Guardat en:
Dades bibliogràfiques
Autor principal: Valle-Inclán, Ramón del
Format: Llibre
Idioma:Undetermined
Publicat: Santiago, Chile Nascimento 1977
Matèries:
Etiquetes: Afegir etiqueta
Sense etiquetes, Sigues el primer a etiquetar aquest registre!

MARC

LEADER 00000nam a2200000Ia 4500
008 170316s9999 xx 000 0 und d
040 |a cru BVZT 
090 |a 862 V-7e 
100 |a Valle-Inclán, Ramón del 
245 |a Esperpentos 
260 |a Santiago, Chile 
260 |b Nascimento 
260 |c 1977 
300 |a 239 páginas 
650 |a LITERATURA ESPAÑOLA 
999 |c 10592  |d 10592 
942 |c 15 D  |h 862 V-7e  |2 z